São Paulo - quiz wielokrotnego wyboru - Statystyki

Ogólne statystyki
  • Ten quiz został rozwiązany 344 razy
    338 od ostatniego zresetowania
  • Średni wynik to 5 z 10
Statystyki odpowiedzi
Zagadnienie Odpowiedź % Poprawnych
Co oznacza po polsku nazwa miasta? Święty Paweł
91%
Który z poniższych wieżowców znajduje się w São Paulo? Mirante do Vale
78%
Którym produktem São Paulo zasłynęło w XIX wieku jako światowe centrum jego produkcji i handlu? Kawą
69%
Jak nazywa się najbardziej znana aleja São Paulo, uznawana za centrum finansowe i kulturalne miasta? Avenida Paulista
60%
Jak nazywa się tor wyścigowy zlokalizowany w São Paulo? Interlagos
57%
Który z poniższych klubów piłkarskich nie ma swojej siedziby w São Paulo? Santos FC
45%
W którym roku w São Paulo miała miejsce katastrofa lotnicza, w wyniku której życie straciło 199 osób? 2007
38%
Które zdjęcie NIE przedstawia miasta?
30%
Nad jaką rzeką leży São Paulo? Tietê
29%
Które stwierdzenie dotyczące miasta jest fałszywe? Leży nad Oceanem Atlantyckim
27%
Nie znaleziono quizów pasujących do podanych kryteriów
Rozkład punktacji
Procent ludzi z każdym wynikiem
Percentyl według liczby udzielonych odpowiedzi
Twoja historia wyników
Nie rozwiązałeś tego quizu od ostatniego zresetowania